[Event "XIX Sant Marti Open 2017"]
[Site "Barcelona"]
[Date "2017.07.17"]
[Round "5"]
[White "Abhishek, Das"]
[Black "Asis Gargatagli, Hipolito"]
[Result "0-1"]
[WhiteElo "2274"]
[BlackElo "2505"]
[Annotator "TA"]
[PlyCount "74"]
[EventDate "2017.??.??"]
[EventType "swiss"]
[EventCountry "ESP"]
[SourceTitle "playchess.com"]
[Source "ChessBase"]
[SourceQuality "1"]

{[%evp 14,74,-17,-18,6,1,54,49,54,46,66,51,62,59,59,59,59,51,52,58,65,42,99,36,36,0,0,0,0,-7,0,0,0,0,12,0,0,-27,-35,-27,-28,-29,-16,-35,-50,-208,-208,-216,-227,-286,-267,-242,-247,-697,-693,-695,-689,-577,-506,-2064,-2027,-1773,-1694]} 1. e4 c5 2. Nc3 d6 3. f4 g6 4. Nf3 Bg7 5. Bb5+ Bd7 6. Bc4 {B23: Closed Sicilian: Lines without g3} (6. Bxd7+ Qxd7 7. O-O Nc6 8. d3 e6 9. f5 Nge7 10. fxe6 fxe6 11. Ng5 Ne5 12. Nb5 Qxb5 13. Nxe6 Kd7 14. Nxg7 h5 15. a4 Qb6 16. a5 Qb5 {1-0 (28) Nisipeanu,L (2654)-So,W (2778) Dortmund 2015}) 6... Nc6 7. d3 Na5 8. Bd2 {LiveBook: 10 Games. The position is equal.} a6 9. O-O $146 ({Predecessor:} 9. Qe2 b5 10. Bd5 b4 11. Nd1 Rb8 12. e5 e6 13. Bb3 d5 {½-½ (44) Bachmann,A (2601)-Asis Gargatagli,H (2483) Barcelona 2015}) 9... e6 (9... Nxc4 $11 10. dxc4 Nh6) 10. f5 $1 $14 {[%cal Rf5e6] [#] Threatens to win with fxe6.} Nf6 11. fxe6 fxe6 12. e5 dxe5 $1 13. Nxe5 O-O 14. Qe2 Nxc4 15. dxc4 Qc7 16. Nxd7 Qxd7 17. Rad1 Qd4+ {[#]} (17... Qc6 $14) 18. Be3 ({Better is} 18. Kh1 $1 $16 {Hoping for Bf4.} Qh4 19. Qxe6+ Kh8 20. Rf4) 18... Qe5 19. Bf4 (19. Rfe1 {seems wilder.} Rad8 20. Rxd8 Rxd8 21. Qf3 b5 22. cxb5 axb5 23. h3) 19... Qxe2 20. Nxe2 Ne4 21. c3 b5 (21... g5 $5 {[%cal Rg5f4]} 22. Be3 Rxf1+ 23. Rxf1 b6 $11) 22. Ng3 Nxg3 23. Bxg3 bxc4 24. Rxf8+ Rxf8 $11 {[%mdl 4096] Endgame KRB-KRB} 25. Rd7 Bh6 26. h4 Bc1 27. Rb7 Rd8 28. Kf1 Rd2 29. Bf4 $2 (29. Be5 $15) 29... Rxb2 $19 30. Rxb2 Bxb2 {KB-KB} 31. Bd2 Kf7 32. Ke2 Kf6 33. g4 $2 (33. Kf3) 33... h5 {Black is clearly winning.} 34. Kf3 Ke5 35. Bf4+ Kd5 36. Bd2 (36. gxh5 $142 gxh5 37. Bd2) 36... hxg4+ 37. Kxg4 Ke4 {Precision: White = 50%, Black = 62%.} 0-1

[Event "XIX Sant Marti Open 2017"]
[Site "Barcelona"]
[Date "2017.07.18"]
[Round "6"]
[White "Henriquez Villagra, Cristobal"]
[Black "Fernandez, Fernando"]
[Result "0-1"]
[WhiteElo "2532"]
[BlackElo "2424"]
[Annotator "TA"]
[PlyCount "58"]
[EventDate "2017.??.??"]
[EventType "swiss"]
[EventCountry "ESP"]
[SourceTitle "playchess.com"]
[Source "ChessBase"]
[SourceQuality "1"]

{[%evp 33,58,-59,-46,-65,-65,-67,-51,-90,-100,-100,-92,-95,-95,-111,-91,-189,-167,-375,-410,-456,-469,-920,-915,-893,-861,-6728,-6620]} 1. e4 c5 2. Nf3 d6 3. d4 cxd4 4. Qxd4 Nc6 5. Bb5 Bd7 6. Bxc6 Bxc6 7. Nc3 Nf6 8. Bg5 e6 9. O-O-O Be7 10. Rhe1 O-O 11. Qd2 Qc7 12. Nd4 Rfd8 13. f3 Rab8 14. g4 b5 15. Kb1 b4 {B53: Sicilian: 2...d6: Lines with Qxd4} 16. Nce2 Ba8 17. Ng3 a5 {[%cal Ba7a5,Ba5a4][%mdl 32] LiveBook: 7 Games. Black is slightly better.} 18. Rg1 a4 19. h4 {[#]} Kh8 $146 ({Predecessor:} 19... Rdc8 20. Rg2 Ne8 21. Bxe7 Qxe7 22. g5 g6 23. h5 {½-½ (36) Zhigalko,S (2656)-Kulaots,K (2582) Jurmala 2013}) 20. h5 {Black should prevent h6.} h6 $1 {[%cal Rh6g5]} 21. Be3 {[#]} Nh7 $1 22. f4 Nf6 23. g5 Nxe4 24. Nxe4 (24. Qd3 $17 Nc5 25. Qd2) 24... Bxe4 $19 25. gxh6 $2 (25. Rc1 {keeps fighting.}) 25... b3 {[%cal Bb4b3,Bb3c2][%mdl 32]} 26. Ka1 bxc2 {Black is clearly winning.} ({Avoid the trap} 26... gxh6 $2 {[#]} 27. Nxe6 $1 {[%mdl 512]} Qxc2 28. Nxd8 $18) 27. Rc1 (27. hxg7+ $142 Kh7 28. Nxc2 Qxc2 29. Qxc2 Bxc2 30. Rd2) 27... Bf6 28. hxg7+ Kg8 29. f5 Rxb2 {Precision: White = 31%, Black = 88%.} 0-1

[Event "XIX Sant Marti Open 2017"]
[Site "Barcelona"]
[Date "2017.07.18"]
[Round "6"]
[White "Narciso Dublan, Marc"]
[Black "Arvola, Benjamin"]
[Result "0-1"]
[WhiteElo "2516"]
[BlackElo "2469"]
[Annotator "TA"]
[PlyCount "114"]
[EventDate "2017.??.??"]
[EventType "swiss"]
[EventCountry "ESP"]
[SourceTitle "playchess.com"]
[Source "ChessBase"]
[SourceQuality "1"]

{[%evp 10,114,36,0,0,0,0,-12,0,0,0,0,0,0,0,0,37,5,-8,2,16,-40,-35,-46,-47,-52,-37,-70,-12,-95,-65,-115,-111,-110,-112,-109,-109,-108,-108,-108,-110,-112,-68,-61,-70,-78,-60,-60,-67,-59,-55,-57,-57,-93,-76,-122,-91,-122,-107,-147,-154,-154,-154,-154,-154,-140,-132,-174,-181,-188,-201,-404,-402,-387,-347,-427,-427,-424,-412,-576,-576,-561,-568,-566,-291,-559,-559,-547,-474,-427,-411,-497,-504,-1498,-1056,-2503,-2486,-3679,-4098,-29971,-5097,-29981,-29982,-29982,-29982,-29982,-29983]} 1. d4 Nf6 2. c4 g6 3. Nc3 d5 4. Nf3 Bg7 5. cxd5 Nxd5 6. Na4 Bf5 {Hoping for ...Nb4. D90: Grünfeld: 4 Nf3 Bg7 sidelines} 7. Bd2 (7. Nh4 Bd7 8. e4 e5 9. Nf3 exd4 10. exd5 O-O 11. Be2 d3 12. Qxd3 Bxa4 13. O-O c6 14. Qe4 {½-½ (50) Li,C (2746)-Nepomniachtchi,I (2740) Moscow 2016}) 7... O-O 8. e3 $146 ({Predecessor:} 8. Qb3 Nc6 9. e3 e5 10. Nxe5 Nxe5 11. dxe5 Bxe5 12. Rd1 c6 13. Be2 Qe7 14. O-O {0-1 (39) Blattner,K (2287)-Fessler,S (2331) ICCF email 2009}) 8... Nc6 {The position is equal.} 9. Bb5 Ncb4 10. Bxb4 Nxb4 11. O-O c6 $36 {[%mdl 2048] Black has good play.} 12. Be2 Qa5 13. Nc5 (13. a3 $5 {[%cal Ra3b4]} Nd5 14. Nc5 $14) 13... b6 14. Nb3 Qa4 15. Qd2 (15. a3 $11 Nd5 16. Rc1) 15... c5 $15 16. Bd1 Qd7 17. a3 Nc6 18. Re1 Be6 ({Black should play} 18... c4 $15 19. Nc1 Rad8) 19. h3 (19. dxc5 $11 Qxd2 20. Nbxd2) 19... Rfd8 (19... cxd4 {looks sharper.} 20. Nbxd4 Nxd4 21. exd4 Rfd8 22. Ng5 Bh6) 20. Rc1 cxd4 21. Nbxd4 Nxd4 22. exd4 Bxd4 23. Nxd4 Qxd4 24. Qxd4 Rxd4 25. Rc7 Rad8 26. Bg4 Bxg4 27. hxg4 {[%mdl 4096] Endgame KRR-KRR} e6 28. Rxa7 Rxg4 29. Rb7 Rd6 30. g3 Rg5 31. Re2 h5 32. Kh2 Kg7 33. Rc2 Rf5 34. b4 b5 $1 35. Kg2 Rdd5 36. Rbc7 Kf6 37. Ra7 Rd3 38. Ra5 Rb3 $1 39. Re2 g5 {[%cal Bg6g5,Bg5g4][%mdl 32]} 40. Re3 $2 (40. Ra7) 40... Rxe3 $19 41. fxe3 {KR-KR} g4 42. e4 {[#]} Rf3 $1 43. Rxb5 Rxa3 44. Rxh5 Re3 45. Kf2 Rxe4 46. Rb5 Rc4 47. Rb7 $2 (47. Ke3) 47... e5 48. b5 Rc2+ 49. Kf1 Rb2 50. b6 Ke6 51. Kg1 (51. Rb8 $142 Kf5 52. Rb7) 51... f5 {[%cal Bf7f5,Bf5f4][%mdl 32]} 52. Rh7 Kd5 53. b7 Ke4 54. Re7 Kf3 55. Rxe5 Rb1+ {Black mates.} 56. Kh2 {[#]} f4 $1 {[%csl Gf3][%cal Rf4g3]} 57. Rf5 Rb2+ {Precision: White = 28%, Black = 86%.} 0-1

[Event "XIX Sant Marti Open 2017"]
[Site "Barcelona"]
[Date "2017.07.18"]
[Round "6"]
[White "Arizmendi Martinez, Julen Luis"]
[Black "Smirnov, Artem"]
[Result "1-0"]
[WhiteElo "2511"]
[BlackElo "2401"]
[Annotator "TA"]
[PlyCount "53"]
[EventDate "2017.??.??"]
[EventType "swiss"]
[EventCountry "ESP"]
[SourceTitle "playchess.com"]
[Source "ChessBase"]
[SourceQuality "1"]

{[%evp 36,53,64,54,64,63,52,68,75,66,707,484,1300,275,1292,1283,29967,6114,29973,29974]} 1. e4 c5 2. Nf3 d6 3. d4 cxd4 4. Nxd4 Nf6 5. Nc3 Nc6 6. Bg5 e6 7. Qd2 a6 8. O-O-O Bd7 9. f4 b5 10. Bxf6 gxf6 11. Kb1 Qb6 12. Nxc6 Bxc6 13. Qe1 Be7 14. Bd3 a5 {[%cal Ba6a5,Ba5a4,Ba4a3][%mdl 32] B67: Sicilian: Richter-Rauzer: 7...a6 8 0-0-0 Bd7, lines without 9 f4 Be7} 15. f5 b4 16. Ne2 Qc5 17. fxe6 fxe6 18. Nf4 Qe5 19. Rf1 {LiveBook: 11 Games} a4 20. Bc4 $1 {[%cal Rc4e6]} Bxe4 {Hoping for ...d5.} 21. Nxe6 {[#]} ({Weaker is} 21. Qxb4 d5 $17) 21... a3 $146 {[%csl Ga3][%cal Re5b2]} 22. Rd4 ({And not} 22. Qxb4 d5 $17) 22... f5 $2 {[%mdl 8192]} (22... Bxg2 $14 23. Rg1 Rc8) 23. Qxb4 d5 {[#]} (23... Bf6 $142 24. Nc7+ Kf8 25. Rxe4 fxe4 26. Nxa8 Kg7) 24. Qb5+ $1 $18 Kf7 {[#]} 25. Rxe4 $1 {[%mdl 512]} Qxe4 {[#]} (25... dxe4 26. Qxe5) 26. Ng5+ $1 {[%mdl 512]} Bxg5 27. Bxd5+ {Precision: White = 100%, Black = 52%.} 1-0

[Event "XIX Sant Marti Open 2017"]
[Site "Barcelona"]
[Date "2017.07.18"]
[Round "6"]
[White "Asis Gargatagli, Hipolito"]
[Black "Salinas Herrera, Pablo"]
[Result "1/2-1/2"]
[WhiteElo "2505"]
[BlackElo "2438"]
[Annotator "TA"]
[PlyCount "58"]
[EventDate "2017.??.??"]
[EventType "swiss"]
[EventCountry "ESP"]
[SourceTitle "playchess.com"]
[Source "ChessBase"]
[SourceQuality "1"]

{[%evp 15,58,-3,3,10,81,42,69,81,68,47,69,84,94,85,108,77,116,108,157,166,204,212,211,199,210,78,73,81,84,41,106,18,95,53,53,43,59,48,50,55,56,25,56,57,60]} 1. e4 c5 2. Nf3 d6 3. d4 cxd4 4. Nxd4 Nf6 5. Nc3 a6 6. f3 e6 7. g4 h6 8. Be3 b5 9. a3 {B80: Sicilian Scheveningen: 6 g3 and 6 Be3, including English Attack} (9. Qd2 b4 10. Na4 Nbd7 11. c4 bxc3 12. Nxc3 Bb7 13. O-O-O d5 14. exd5 Nxd5 15. Nxd5 Bxd5 16. Kb1 Be7 {1-0 (35) Smirin,I (2665)-Mareco,S (2625) Stockholm 2016}) 9... Qc7 (9... Bb7 $11 {keeps the balance.}) 10. Qd2 Nbd7 11. O-O-O Ne5 12. Kb1 Bd7 13. h4 $146 ({Predecessor:} 13. Be2 Rb8 14. h4 Qb7 15. Qe1 g6 16. Bc1 Rc8 17. Rf1 Nc6 18. g5 hxg5 19. hxg5 Nxd4 20. Rxd4 {1-0 (48) Valak,A (2421)-Vanek,V (1918) ICCF email 2011}) 13... Qb7 14. Qe1 Rc8 15. Bc1 g6 16. Rg1 Bg7 17. f4 $1 {[%cal Bf3f4,Bf4e5][%mdl 32]} Nc6 {next ...Nxd4 is good for Black.} 18. e5 {aiming for Nxc6.} dxe5 19. fxe5 Nd5 20. Ne4 (20. Nxd5 $18 {is the precise move to win.} exd5 21. e6 Bxd4 22. exd7+ Kxd7 23. Bh3) 20... O-O $16 21. g5 Nxd4 22. Rxd4 {Strongly threatening Nf6+.} Qc7 {[#]} (22... Qb6 $14 23. c3 Bxe5 24. Nf6+ Bxf6 25. gxf6 Rc5) 23. Rd2 (23. Bd3 $1 $16 Qxe5 24. gxh6 Qxd4 25. hxg7 Qxg7 {[#]} 26. h5 $1 {[%mdl 512]}) 23... Qxe5 (23... h5 $1 $11) 24. Re2 {Nf6+! is the strong threat.} Qd4 25. Rg4 h5 {[#]} ({Don't play} 25... hxg5 26. hxg5 Qb6 27. Rh4 $11) 26. Nf6+ $1 {[%mdl 512]} Bxf6 (26... Nxf6 27. Rxd4) 27. Rxd4 Bxd4 28. Bg2 Bg7 29. Bd2 {[%mdl 1024] White has compensation.} Rc4 {Precision: White = 55%, Black = 29%.} 1/2-1/2

[Event "XIX Sant Marti Open 2017"]
[Site "Barcelona"]
[Date "2017.07.18"]
[Round "6"]
[White "Cuartas, Jaime Alexander"]
[Black "Priebe, Jan"]
[Result "1-0"]
[WhiteElo "2501"]
[BlackElo "2272"]
[Annotator "TA"]
[PlyCount "59"]
[EventDate "2017.??.??"]
[EventType "swiss"]
[EventCountry "ESP"]
[SourceTitle "playchess.com"]
[Source "ChessBase"]
[SourceQuality "1"]

{[%evp 23,59,43,36,32,52,40,62,58,81,81,84,81,84,85,82,79,77,58,84,78,84,79,89,72,75,63,79,72,91,92,140,137,367,366,347,329,403,336]} 1. e4 c5 2. Nf3 Nc6 3. d4 cxd4 4. c3 d5 5. exd5 Qxd5 6. cxd4 e5 7. Nc3 Bb4 8. Bd2 Bxc3 9. Bxc3 exd4 10. Nxd4 Nxd4 11. Qxd4 {B22: Sicilian: 2 c3} Qxd4 12. Bxd4 Nf6 {LiveBook: 5 Games} 13. O-O-O {White is slightly better.} a6 $146 ({Predecessor:} 13... O-O 14. b3 Bf5 15. Kb2 a6 16. Bxf6 gxf6 17. Bd3 Bxd3 18. Rxd3 Rfe8 {½-½ (42) Zhigalko,A (2601)-Klima,L (2340) Czechia 2013}) 14. Be2 Bf5 15. Bf3 O-O-O 16. Rhe1 {Re7 is the strong threat.} Rhe8 {[#] Threatens to win with ...Rxe1.} 17. Bxf6 gxf6 18. Rxe8 Rxe8 $16 {[%mdl 4096] Endgame KRB-KRB} 19. Rd4 Re5 20. Kd2 Kc7 21. b4 a5 22. a3 {[%cal Ba2a3,Ba3b4][%mdl 32]} Be6 23. Rf4 axb4 24. axb4 Rf5 25. Rd4 Re5 26. Rh4 Bd5 27. Rxh7 Kb6 $2 {[#]} (27... Bxf3 $16 {was necessary.} 28. Rxf7+ (28. gxf3 Rb5 $16) 28... Kb6) 28. Bxd5 $18 Rxd5+ 29. Ke3 Rd7 30. Rh5 {Precision: White = 95%, Black = 35%.} 1-0

[Event "XIX Sant Marti Open 2017"]
[Site "Barcelona"]
[Date "2017.07.18"]
[Round "6"]
[White "Zubritskiy, Artyom"]
[Black "Peralta, Fernando"]
[Result "1/2-1/2"]
[WhiteElo "2442"]
[BlackElo "2564"]
[Annotator "TA"]
[PlyCount "36"]
[EventDate "2017.??.??"]
[EventType "swiss"]
[EventCountry "ESP"]
[SourceTitle "playchess.com"]
[Source "ChessBase"]
[SourceQuality "1"]

{[%evp 13,36,22,8,-16,-28,-29,0,-13,3,0,24,20,32,12,12,12,13,14,18,7,14,7,10,16,35]} 1. d4 e6 2. Nf3 f5 3. d5 Bb4+ (3... Nf6 4. dxe6 d6 5. Nd4 g6 6. e3 Bg7 7. c4 O-O 8. Nc3 c6 9. g3 Qe7 10. Bg2 Bxe6 11. b3 Nbd7 12. O-O {1-0 (75) Rozum,I (2582)-Predke,A (2579) Khanty-Mansiysk 2016}) 4. c3 Bd6 5. dxe6 dxe6 6. e4 {A80: Dutch Defence: Unusual White second moves} fxe4 7. Ng5 Nf6 {LiveBook: 4 Games} 8. Nxe4 Nxe4 9. Qa4+ Nd7 {[%cal Bb8d7,Bd7f6,Bf6d5][%mdl 32]} 10. Qxe4 O-O $146 {[%mdl 2048] Black is not keeping still} (10... Nc5 $5 {[%cal Rc5e4]} 11. Qd4 e5 $15) ({Predecessor:} 10... Nf6 11. Qc2 {0-1 (29) Gasanov,E (2445)-Zaitsev,V (2392) Serpukhov 2004}) 11. Bd3 ({Don't play} 11. Qxe6+ Kh8 $17) 11... Nf6 (11... g6 $5 {[%cal Rd7c5]}) 12. Qe2 Nd5 13. g3 (13. O-O {keeps more tension.} Qf6 14. g3 Qf7 15. Nd2 e5 16. Ne4) 13... e5 {The position is equal.} 14. Nd2 {[%cal Bb1d2,Bd2e4,Be4g5][%mdl 32]} ({Of course not} 14. Qe4 Nf6 $15) 14... Be6 15. Ne4 {Black must now prevent Ng5.} Qd7 16. Ng5 Bf5 $1 17. O-O Nf6 18. Ne4 Qc6 {Precision: White = 56%, Black = 46%.} 1/2-1/2

[Event "XIX Sant Marti Open 2017"]
[Site "Barcelona"]
[Date "2017.07.18"]
[Round "6"]
[White "Perez Mitjans, Orelvis"]
[Black "Burmakin, Vladimir"]
[Result "0-1"]
[WhiteElo "2407"]
[BlackElo "2505"]
[Annotator "TA"]
[PlyCount "96"]
[EventDate "2017.??.??"]
[EventType "swiss"]
[EventCountry "ESP"]
[SourceTitle "playchess.com"]
[Source "ChessBase"]
[SourceQuality "1"]

{[%evp 12,96,-6,-11,-8,-8,21,0,27,0,0,0,0,0,0,-64,0,0,0,-29,-19,-79,-82,-80,-45,-54,-43,-34,-23,-47,-47,-312,-306,-364,-340,-323,-231,-207,-216,-319,-287,-286,-290,-339,-320,-406,-399,-409,-370,-422,-409,-599,-332,-388,-327,-269,-304,-245,-99,-92,-91,-81,-76,-129,0,0,0,-69,0,-106,-79,-78,-75,-106,-108,-105,-121,-1188,0,0,0,0,0,-29979,-29980,-29978,-29978]} 1. e4 c6 2. d4 d5 3. e5 Bf5 4. Nd2 e6 5. g4 (5. Nb3 c5 6. dxc5 Bxc5 7. Nxc5 Qa5+ 8. c3 Qxc5 9. Be3 Qc7 10. f4 Ne7 11. Be2 O-O 12. Nf3 Nbc6 13. O-O {1-0 (66) Giri,A (2785)-Salem,A (2633) Moscow 2017}) 5... Bg6 6. Ne2 {B12: Caro-Kann: Advance Variation} c5 7. h4 {LiveBook: 9 Games} h5 8. Nf4 {The position is equal.} Bh7 9. g5 Bf5 10. dxc5 (10. g6 $5) 10... Nc6 11. Nb3 Qc7 12. Be3 Qxe5 $146 ({Predecessor:} 12... O-O-O) 13. Bb5 (13. c3 $1 $11) 13... a6 (13... Nge7 $1 $15) 14. Bxc6+ $11 bxc6 15. O-O Ne7 16. Nd4 (16. Re1 $1 $11 {remains equal.}) 16... Qc7 $17 17. Re1 Be4 18. f3 Bh7 19. c4 dxc4 20. Qa4 $1 e5 {Threatens to win with ...Qb7.} 21. g6 $2 {[%mdl 8192]} ({Only move:} 21. Rad1 $1 $15) 21... exd4 $19 (21... exf4 22. Bxf4 Qd7 23. Nf5 $1 $18 {[%mdl 512]}) 22. gxf7+ Kxf7 23. Qxc4+ Ke8 24. Bd2 Bg8 25. Qa4 (25. Qd3 {was called for.}) 25... Rh6 26. Re2 {[#]} d3 $1 27. Re3 (27. Nxd3 Re6) 27... Rf6 28. Nxh5 Rg6+ 29. Kh1 Qd7 {[%cal Rd7h3]} 30. Nf4 Rh6 31. h5 (31. Kg2 {was worth a try.} Rxh4 32. Rh1 Rxh1 33. Kxh1) 31... Bd5 32. Kg1 Qf5 33. Rae1 {[#]} Qg5+ $1 34. Kf1 Rxh5 (34... Qh4 $19 {is more deadly. And now ...g5 would win.} 35. Rxd3 Kf7) 35. Nxh5 $17 Qxh5 36. Qf4 Rd8 ({Of course not} 36... Bxa2 $6 37. Re5 $11) 37. Kf2 (37. b3 $142) 37... Qf7 ({Black should try} 37... Bxa2 $17 38. b4 Qh3) 38. Qc7 $11 {aiming for Ba5.} Qf6 39. Ba5 (39. b4 $11) 39... Qh4+ (39... Ra8 $1 $15 40. Qb7 Qh4+ 41. Kg2 Qg4+ 42. Kf2 Qh4+ 43. Kg2 Qg4+ 44. Kf2 Qh4+) 40. Kg1 (40. Kg2 $1 $11 Ra8 41. Qb7) 40... Ra8 $17 {Hoping for ...Kf7.} 41. Qb7 Kf7 42. Qxa8 Qg3+ 43. Kf1 Bxf3 $40 {[%csl Gf3][%cal Rg3g2][%mdl 128] Black attacks with force.} 44. Rxe7+ $2 {[%mdl 8192] [#]} (44. Rxf3+ $17 Qxf3+ 45. Kg1 Qg4+ 46. Kh2) 44... Bxe7 $2 (44... Kg6 $1 $19 {[%csl Gf3][%cal Rg3g2]} 45. Qe8+ Kh7) 45. Rxe7+ $11 Kxe7 {[%csl Gd3][%cal Rf3e2]} 46. Qd8+ Kf7 {[%csl Gd3][%cal Rf3e2]} 47. Qxd3 $2 {[%mdl 8192]} (47. Qd7+ $11 Kg8 48. Qd8+ Kh7 49. Qxd3+ Kg8 50. Qd8+ Kf7 51. Qc7+ Qxc7 52. Bxc7) 47... Bg2+ 48. Ke2 {[#]} Bf1+ $1 {[%mdl 512] Precision: White = 50%, Black = 55%.} 0-1

[Event "XIX Sant Marti Open 2017"]
[Site "Barcelona"]
[Date "2017.07.18"]
[Round "6"]
[White "Quirhuayo Chumbe, German Gonzalo"]
[Black "Grigoryan, Karen H"]
[Result "0-1"]
[WhiteElo "2376"]
[BlackElo "2555"]
[Annotator "TA"]
[PlyCount "120"]
[EventDate "2017.??.??"]
[EventType "swiss"]
[EventCountry "ESP"]
[SourceTitle "playchess.com"]
[Source "ChessBase"]
[SourceQuality "1"]

{[%evp 16,120,18,16,65,53,47,59,69,42,43,31,44,31,30,25,32,-6,-18,-35,-25,-54,-63,-71,-15,-78,-35,-51,0,0,0,0,0,4,14,10,18,18,1,3,17,0,0,0,0,-39,-37,-43,-32,-115,-114,-122,-119,-104,-117,-118,-115,-161,-113,-201,-193,-226,-229,-210,-154,-180,-192,-176,-190,-174,-169,-180,-183,-160,-72,-62,-34,-104,-93,-85,-75,-181,-166,-149,-102,-107,-105,-107,-100,-151,-152,-335,-331,-681,-420,-787,-789,-963,-831,-1292,-1241,-5527,-5742,-29971,-29971,-29976,-29978]} 1. e4 c5 2. Nf3 d6 3. d4 cxd4 4. Nxd4 Nf6 5. Nc3 a6 6. Bg5 Nbd7 7. Qe2 {B94: Sicilian Najdorf: 6 Bg5 Nbd7} (7. Bc4 Qa5 8. Qd2 e6 9. Bb3 Be7 10. O-O-O h6 11. Be3 Nc5 12. Kb1 Bd7 13. f3 Qc7 14. g4 b5 15. a3 Qb7 16. h4 a5 {1-0 (34) Nepomniachtchi,I (2732)-Korobov,A (2711) Khanty-Mansiysk 2017}) 7... h6 8. Bh4 g6 9. O-O-O {LiveBook: 33 Games. The position is equal.} Bg7 10. f4 e5 $146 ({Predecessor:} 10... Qc7 11. Kb1 O-O 12. Nf3 e5 13. f5 b5 14. g4 b4 {1-0 (39) Melia,S (2400)-Travkina,A (2287) Riga 2017}) 11. Nf3 Qc7 $1 12. fxe5 dxe5 13. Qc4 Qa5 14. Be1 {[#] Hoping for Nd5.} Qc5 15. Bg3 O-O 16. Nxe5 b5 17. Qxc5 Nxc5 18. Bd3 Bb7 19. Rhe1 Rac8 ({Better is} 19... Rfe8 $17) 20. Nd5 (20. Nf3 $11 {remains equal.}) 20... Nxd5 21. exd5 Bxd5 (21... Rfd8 $15) 22. Bf5 $11 Rcd8 23. Bh4 g5 24. Bf2 Na4 (24... Rfe8 $5 {[%cal Re8e5]} 25. Bxc5 Bxe5 $14) 25. Bd4 {b3 is the strong threat.} Bxg2 26. b3 Rxd4 27. Rxd4 Nc3 28. Rd2 Re8 29. Rxg2 {Threatens to win with Nd3.} Bxe5 30. Rf1 Nxa2+ 31. Kd2 Kf8 32. Ke3 (32. Rgf2 $15) 32... Bxh2+ $17 33. Kf3 Bf4 34. Re2 Rd8 35. Ra1 Nc3 36. Rf2 Ra8 37. Rff1 (37. Kg2 $17 {was necessary.}) 37... a5 $19 38. Bd3 a4 39. bxa4 Rxa4 40. Rh1 {and if Rxa4 works, White does fine.} Kg7 41. Rae1 Bd6 42. Re8 Rf4+ 43. Kg2 b4 44. Rd8 {[#]} Rf6 (44... Rg4+ $142 $1 45. Kf3 Rd4) 45. Rf1 $17 Bf4 46. Rd4 ({White should try} 46. Ra1 $1 $15) 46... h5 {[%cal Bh6h5,Bh5h4][%mdl 32]} 47. Kh1 Rb6 48. Bc4 (48. Kg2 $17 {was worth a try.}) 48... f5 $19 49. Bd3 Kg6 50. Re1 h4 51. Rd8 Rf6 52. Re7 (52. Ree8 $142) 52... Kh5 53. Rh8+ $2 (53. Rd4 $17) 53... Kg4 54. Kg2 $2 (54. Re1) 54... Bd6 55. Rg7 (55. Re3 $142 Bc5 56. Ree8) 55... f4 {[%cal Bf5f4,Bf4f3][%mdl 32]} 56. Rhg8 f3+ 57. Kf1 Bf4 58. Rg6 Rxg6 59. Rxg6 Kg3 60. Rb6 Nd5 {Precision: White = 35%, Black = 69%.} 0-1

[Event "XIX Sant Marti Open 2017"]
[Site "Barcelona"]
[Date "2017.07.18"]
[Round "6"]
[White "Arjun Kalyan"]
[Black "Rios, Cristhian Camilo"]
[Result "0-1"]
[WhiteElo "2347"]
[BlackElo "2477"]
[Annotator "TA"]
[PlyCount "70"]
[EventDate "2017.??.??"]
[EventType "swiss"]
[EventCountry "ESP"]
[SourceTitle "playchess.com"]
[Source "ChessBase"]
[SourceQuality "1"]

{[%evp 21,70,47,30,24,28,26,28,0,79,8,25,24,15,30,19,23,37,35,61,43,57,47,50,30,37,42,35,26,33,29,40,28,12,17,15,-19,-18,-37,-7,-327,-317,-311,-321,-542,-536,-1016,-332,-834,-844,-1099,-1099]} 1. e4 c5 2. Nf3 e6 3. d4 cxd4 4. Nxd4 a6 5. Bd3 Nf6 6. Qe2 d6 7. O-O Qc7 8. c4 g6 9. Nc3 Bg7 10. Rd1 O-O 11. Nf3 Nc6 12. Bf4 {B42: Sicilian: Kan Variation: 5 Bd3} e5 13. Be3 Bg4 14. Bc2 {White has an edge.} (14. Rac1 Nd4 15. Bxd4 exd4 16. Nd5 Nxd5 17. cxd5 Qb6 {½-½ (17) Leko,P (2707)-Vallejo Pons,F (2684) Berlin 2015}) 14... Na5 (14... Nd4 $11 {remains equal.} 15. Bxd4 exd4 16. Rxd4 Nd7) 15. Bb3 $146 (15. h3 $16 Bxf3 16. Qxf3) ({Predecessor:} 15. b3 b5 16. Nd5 Nxd5 17. cxd5 Bxf3 18. gxf3 Rfc8 19. Bd3 Qd7 {½-½ (42) Schorra,H-Noll,P corr 1998}) 15... Rac8 $11 {[%cal Ra5c4]} 16. Rac1 Qb8 ({Don't go for} 16... Nxc4 $2 17. Nd5 $18) 17. h3 Be6 {[%cal Ra5c4]} 18. Nd2 Nxb3 19. axb3 h6 20. Nd5 {And now Ne7+ would win.} Nxd5 21. cxd5 Bd7 22. Nc4 f5 23. f3 Bb5 24. Qd2 Kh7 25. Qb4 Rf6 26. Na3 Rxc1 27. Rxc1 Bd3 28. exf5 (28. Rd1 $5 {[%cal Rd1d3]} fxe4 29. fxe4 $11) 28... gxf5 {[%cal Bg6f5,Bf5f4][%mdl 32]} 29. Nc4 Rg6 {[#] aiming for ...f4.} 30. Qb6 $2 {[%mdl 8192]} (30. Qd2 $1 $11 {and White stays safe.} e4 31. Kh1) 30... f4 $19 31. Bd2 Qg8 32. Qxb7 $2 (32. Kh1 e4 33. Qf2) 32... e4 33. Bxf4 exf3 $2 (33... Qf8 34. Bd2 exf3) 34. g3 $2 (34. Ne3 Qf8 35. Qb4) 34... Bxc4 35. bxc4 {[#]} Qe8 $1 {Precision: White = 28%, Black = 64%.} 0-1